Famous Left-Handers Quiz Stats

 Plays Quiz Updated Aug 31, 2012

Also try: Famous Signatures
Challenge
Share
Tweet
Embed
Score 0/19 Timer 04:00
0 Plays Today
Brief Biography Famous Person % Correct
The son of Homer Simpson and Marge SimpsonBart Simpson
92.5%
The creator of the Mona Lisa and The Last SupperLeonardo da Vinci
91.8%
American automobile manufacturer who created the Model-THenry Ford
90.8%
The 44th president of the United StatesBarack Obama
90.6%
American actor who starred in 'Top Gun' and 'War of the Worlds'Tom Cruise
89.5%
A Founding Father of U.S. and inventor of the lightning rodBenjamin Franklin
89%
Musician and former member of The Beatles and WingsPaul McCartney
88.8%
Noted communist and Cuban political leader Fidel Castro
84.5%
His full name is Alexander III of MacedonAlexander the Great
83.1%
Italian Renaissance painter or a Teenage Mutant Ninja TurtleMichelangelo
82.3%
Brief Biography Famous Person % Correct
The 'Great Bambino' and former Yankee player with 714 homerunsBabe Ruth
81.9%
Actor who starred in 'Home Improvement' and the 'Toy Story' seriesTim Allen
80.7%
Female actor who starred in 'Ghost' and 'Sister Act'Whoopi Goldberg
80.1%
A retired Brazilian footballer (soccer) and youngest player to score in International FootballPelé
73.5%
A Saint born in France and known as The Maid of OrléansSaint Joan of Arc
67.5%
Born in Seattle, Washington and known for performing at WoodstockJimi Hendrix
63.6%
Former NBA basketball player for Boston Celtics who attended Indiana StateLarry Bird
61.7%
The author of 'The Time Machine' and 'The Invisible Man'H.G. Wells
50.3%
A King of Great Britain and the first Head of the CommonwealthKing George VI
26.6%

You're not logged in!

Compare scores with friends on all Sporcle quizzes.
Join for Free
OR
Log In

You Might Also Like...

Show Comments

Extras

Top Quizzes Today


Score Distribution

Your Account Isn't Verified!

In order to create a playlist on Sporcle, you need to verify the email address you used during registration. Go to your Sporcle Settings to finish the process.

Report this User

Report this user for behavior that violates our Community Guidelines.

Details: